UBT Library

The Third World reassessed / (Record no. 40897)

000 -LEADER
fixed length control field 00591cam a2200229 i 4500
001 - CONTROL NUMBER
control field 377038
005 - DATE AND TIME OF LATEST TRANSACTION
control field 20180125034736.0
008 - FIXED-LENGTH DATA ELEMENTS--GENERAL INFORMATION
fixed length control field 790709s1980 cau b 001 0 eng
010 ## - LIBRARY OF CONGRESS CONTROL NUMBER
LC control number 78062848
020 ## - INTERNATIONAL STANDARD BOOK NUMBER
International Standard Book Number 0520037642 :
Terms of availability $15.00
040 ## - CATALOGING SOURCE
Original cataloging agency DLC
Transcribing agency DLC
Modifying agency DLC
041 ## - LANGUAGE CODE
Language code of text/sound track or separate title eng
043 ## - GEOGRAPHIC AREA CODE
Geographic area code d------
080 ## - UNIVERSAL DECIMAL CLASSIFICATION NUMBER
Universal Decimal Classification number 909.097240827 HER
082 00 - DEWEY DECIMAL CLASSIFICATION NUMBER
Classification number 909.097240827 HER
100 1# - Rafti
Rafti 16
101 ## - Shkurtesa
Shkurtesa HIS
245 14 - TITLE STATEMENT
Title The Third World reassessed /
Statement of responsibility, etc Elbaki Hermassi.
504 ## - BIBLIOGRAPHY, ETC. NOTE
Bibliography, etc Bibliography: p. [211]-220.
906 ## - LOCAL DATA ELEMENT F, LDF (RLIN)
a 7
b cbc
c orignew
d 1
e opcn
f 19
g y-gencatlg
942 ## - ADDED ENTRY ELEMENTS (KOHA)
Source of classification or shelving scheme
Item type Books
Holdings
Withdrawn status Lost status Source of classification or shelving scheme Damaged status Not for loan Collection code Permanent location Current location Shelving location Date acquired Total Checkouts Full call number Barcode Date last seen Price effective from Koha item type
          Koleksioni i përgjithshem UBT - Lipjan UBT - Lipjan Koleksioni i përgjithshem 01/25/2018   909.097240827 HER 002-2996173 01/25/2018 01/25/2018 Books
UBT Library © 2015-2024. All rights reserved University Education for Business and Technology